Ghost and Pals Lyrics - Statistics

General Stats
  • This quiz has been taken 8 times
  • The average score is 11 of 15
Answer Stats
Question Answer % Correct
Reckless Battery Burns- Sheer thrills and frivolities... Erratic discussion held under my control...
100%
The Chattering Lack of Common Sense- I could never understand... First impressions go unplanned...
100%
Honey I'm Home- God returned with the moth chained to his hand... "There's so many things that you'll never understand"...
100%
The Things I Deserve- Say I could make a perfect world... By playing God and singing songs...
86%
End World Normopathy- As metal breaks and bends... It breaks and bends...
86%
Candle Queen- A diva's always center stage... Toddler's cries that grow louder and louder!...
86%
Scapeg♾at- Now that you hate me... Are you afraid of me?...
71%
Housewife Radio- 80 degrees... Hemmed by reveries...
71%
Amygdala's Rag Doll- From the mouth of a cauterized rag doll... Throw the nails away and leave him alone!...
71%
Spider on the Wall- Can't be bothered letting go... A shrine of excess vulture bones, so...
57%
Aura- Wait your turn... There's something still inside!...
57%
Uncanny- Attuned inside... Allued, denied!...
43%
DEATHBODY- Icicles of a medial at inease!... Please just pull me together and repair me...
43%
Rotary Dial- My mind's up in a tizzy... Where are you going my darling?...
43%
Those Who Carried On- You'd say that things have improved, right?... You'd say that things have improved, right?
43%
No matching quizzes found
Score Distribution
Percent of People with Each Score
Percentile by Number Answered
Your Score History
You have not taken this quiz